[Event "Barnaul Kura Memorial"]
[Site "Barnaul"]
[Date "2023.02.25"]
[Round "2"]
[White "Zablotsky, Sergei"]
[Black "Bogachkov, Viktor"]
[Result "1-0"]
[WhiteElo "2482"]
[BlackElo "2067"]
[PlyCount "98"]
[EventDate "2023.02.25"]
[EventType "swiss (rapid)"]
[EventRounds "11"]
[EventCountry "RUS"]
[SourceTitle "CBM 213 Extra"]
[Source "ChessBase"]
[SourceDate "2023.05.31"]
[SourceVersion "1"]
[SourceVersionDate "2023.05.31"]
[SourceQuality "1"]

1. Nf3 Nf6 2. g3 g6 3. b3 Bg7 4. Bb2 0-0 5. Bg2 d5 6. c4 c5 7. cxd5 Nxd5 8. Bxg7 Kxg7 9. 0-0 Nc6 10. d4 cxd4 11. Nxd4 Ndb4 12. Nxc6 Nxc6 13. Nc3 Qa5 14. Rc1 Rd8 15. Qc2 Bf5 16. Qb2 Qe5 17. Rfd1 Rxd1+ 18. Rxd1 Rd8 19. Bxc6 Rxd1+ 20. Nxd1 Qxb2 21. Nxb2 bxc6 22. f4 Kf6 23. Kf2 Ke6 24. Ke3 Kd5 25. Na4 h5 26. Kd2 Kd4 27. Nc3 Be6 28. e3+ Kc5 29. Kc2 Bg4 30. Ne4+ Kd5 31. Nc3+ Kc5 32. a3 a5 33. Kd3 Bf3 34. Na4+ Kd5 35. Nb6+ Kc5 36. Nc4 Kb5 37. Kc3 Bd5 38. a4+ Ka6 39. b4 axb4+ 40. Kxb4 Kb7 41. Kc5 Bxc4 42. Kxc4 Kb6 43. e4 e6 44. e5 h4 45. gxh4 Ka5 46. Kc5 Kxa4 47. Kxc6 Kb4 48. Kd7 Kc4 49. Ke7 Kd5 1-0

[Event "Omsk-ch"]
[Site "Omsk"]
[Date "2015.02.24"]
[Round "8"]
[White "Bogachkov, Viktor"]
[Black "Karabut, Vladimir"]
[Result "1-0"]
[WhiteElo "1771"]
[BlackElo "1973"]
[PlyCount "44"]
[EventDate "2015.02.16"]
[EventType "swiss"]
[EventRounds "9"]
[EventCountry "RUS"]
[SourceTitle "CBM 165 Extra"]
[Source "ChessBase"]
[SourceDate "2015.04.21"]
[SourceVersion "1"]
[SourceVersionDate "2015.04.21"]
[SourceQuality "1"]

1. d4 Nf6 2. c4 g6 3. Nc3 Bg7 4. e4 d6 5. Nf3 0-0 6. Be2 e5 7. dxe5 dxe5 8. Qxd8 Rxd8 9. Bg5 Re8 10. 0-0-0 Nbd7 11. Nb5 Nc5 12. Nxc7 Bg4 13. Nxa8 Rxa8 14. Bxf6 Bxf6 15. h3 Be6 16. Bd3 b5 17. Bc2 Bxc4 18. b3 Be6 19. Kb2 h5 20. b4 Nd7 21. Bb3 Nf8 22. Bxe6 Nxe6 1-0

[Event "Omsk-ch"]
[Site "Omsk"]
[Date "2015.02.20"]
[Round "5"]
[White "Bogachkov, Viktor"]
[Black "Lunga, Oleg"]
[Result "0-1"]
[WhiteElo "1771"]
[BlackElo "1800"]
[PlyCount "63"]
[EventDate "2015.02.16"]
[EventType "swiss"]
[EventRounds "9"]
[EventCountry "RUS"]
[SourceTitle "CBM 165 Extra"]
[Source "ChessBase"]
[SourceDate "2015.04.21"]
[SourceVersion "1"]
[SourceVersionDate "2015.04.21"]
[SourceQuality "1"]

1. d4 Nf6 2. c4 e6 3. Nc3 Bb4 4. Qc2 Nc6 5. Nf3 d5 6. cxd5 exd5 7. a3 Bxc3+ 8. bxc3 Bg4 9. Qd3 0-0 10. Bg5 h6 11. Bh4 g5 12. Bg3 Ne4 13. e3 f5 14. Ne5 Bh5 15. Nxc6 bxc6 16. f3 Nd6 17. Be2 Nc4 18. Bf2 Qe7 19. 0-0 Rae8 20. g4 Bg6 21. gxf5 Bxf5 22. e4 Bh3 23. Rfe1 Qf7 24. Bg3 g4 25. fxg4 Rxe4 26. Bf1 Rxe1 27. Rxe1 Bxg4 28. Qc2 Qxf1+ 29. Rxf1 Rxf1+ 30. Kxf1 Ne3+ 31. Kf2 Nxc2 32. Bxc7 0-1

[Event "Omsk-ch"]
[Site "Omsk"]
[Date "2015.02.19"]
[Round "4"]
[White "Savostjanov, Igor"]
[Black "Bogachkov, Viktor"]
[Result "1-0"]
[WhiteElo "2144"]
[BlackElo "1771"]
[PlyCount "49"]
[EventDate "2015.02.16"]
[EventType "swiss"]
[EventRounds "9"]
[EventCountry "RUS"]
[SourceTitle "CBM 165 Extra"]
[Source "ChessBase"]
[SourceDate "2015.04.21"]
[SourceVersion "1"]
[SourceVersionDate "2015.04.21"]
[SourceQuality "1"]

1. e4 e6 2. d4 d5 3. Nd2 c5 4. Ngf3 Nc6 5. c3 cxd4 6. cxd4 dxe4 7. Nxe4 Nf6 8. Nxf6+ Qxf6 9. Bb5 Bd7 10. 0-0 a6 11. Ba4 b5 12. Bc2 h6 13. d5 exd5 14. Qxd5 Be7 15. Bd2 Qe6 16. Qd3 Qd6 17. Qxd6 Bxd6 18. Rfe1+ Be7 19. Be4 Rc8 20. Bc3 Kf8 21. Rad1 Be6 22. Bxc6 Rxc6 23. Nd4 Rd6 24. Bb4 Rb6 25. Nf5 1-0

[Event "Omsk Half op"]
[Site "Omsk"]
[Date "2014.12.14"]
[Round "6"]
[White "Patrashov, Edisher"]
[Black "Bogachkov, Viktor"]
[Result "1-0"]
[WhiteElo "1762"]
[BlackElo "1771"]
[PlyCount "71"]
[EventDate "2014.12.03"]
[EventType "swiss"]
[EventRounds "9"]
[EventCountry "RUS"]
[SourceTitle "EXT 2023"]
[Source "ChessBase"]
[SourceDate "2022.10.05"]
[SourceVersion "1"]
[SourceVersionDate "2022.10.05"]
[SourceQuality "1"]

1. d4 Nf6 2. Nf3 d5 3. g3 Bf5 4. Bg2 e6 5. 0-0 Nbd7 6. b3 Bd6 7. c4 c6 8. Bb2 0-0 9. Nc3 Rc8 10. Nd2 Re8 11. e4 dxe4 12. Ndxe4 Bf8 13. Re1 e5 14. d5 Bg4 15. Qd2 cxd5 16. Nxf6+ Nxf6 17. Nxd5 Nxd5 18. Qxd5 Bb4 19. Rxe5 Qxd5 20. Bxd5 Rxe5 21. Bxe5 Re8 22. f4 Kf8 23. Bd4 b6 24. a3 Bd2 25. Bf2 Bc3 26. Rc1 Bb2 27. Rc2 Bxa3 28. Ra2 Bc5 29. Bxc5+ bxc5 30. Rxa7 Re1+ 31. Kf2 Re2+ 32. Kf1 Rxh2 33. Rxf7+ Ke8 34. Rxg7 Bd1 35. Bc6+ Kf8 36. Rb7 1-0

[Event "Novokuznetsk SFO-ch U15"]
[Site "Novokuznetsk"]
[Date "2014.11.02"]
[Round "1"]
[White "Bogachkov, Viktor"]
[Black "Petrovsky, Andrey"]
[Result "1-0"]
[WhiteElo "1855"]
[BlackElo "800"]
[PlyCount "87"]
[EventDate "2014.11.02"]
[EventType "swiss"]
[EventRounds "9"]
[EventCountry "RUS"]
[SourceTitle "CBM 163 Extra"]
[Source "ChessBase"]
[SourceDate "2014.12.23"]
[SourceVersion "1"]
[SourceVersionDate "2014.12.23"]
[SourceQuality "1"]

1. d4 d5 2. Nf3 Nf6 3. Bf4 e6 4. e3 Be7 5. c4 0-0 6. Nc3 c5 7. cxd5 Nxd5 8. Nxd5 Qxd5 9. dxc5 Qxc5 10. Be5 Rd8 11. Qb3 Nc6 12. Bc3 Na5 13. Qa4 b6 14. Be2 Bd7 15. Qg4 e5 16. Qh5 Bf6 17. 0-0 Nc6 18. Ng5 Bxg5 19. Qxg5 f6 20. Qh4 Be6 21. Rfc1 Qe7 22. Rc2 Rd6 23. Bf3 Rad8 24. Be1 Qd7 25. Rac1 Rc8 26. Qa4 Ne7 27. Rxc8+ Nxc8 28. Qxd7 Bxd7 29. Bb4 Re6 30. Bd5 Kf7 31. Rc7 Ke8 32. Bxe6 Bxe6 33. Rxg7 a5 34. Ba3 Bxa2 35. Rxh7 Bb3 36. h4 b5 37. Bc5 Bf7 38. Kf1 b4 39. Ke1 b3 40. Kd2 Ne7 41. Bxe7 Kxe7 42. Kc3 Kf8 43. Rxf7+ Kxf7 44. Kxb3 1-0

[Event "Omsk Rating op"]
[Site "Omsk"]
[Date "2014.10.06"]
[Round "1"]
[White "Bogachkov, Viktor"]
[Black "Soloviov, Igor"]
[Result "1-0"]
[WhiteElo "1902"]
[BlackElo "1412"]
[PlyCount "61"]
[EventDate "2014.10.06"]
[EventType "swiss"]
[EventRounds "9"]
[EventCountry "RUS"]
[SourceTitle "EXT 2023"]
[Source "ChessBase"]
[SourceDate "2022.10.05"]
[SourceVersion "1"]
[SourceVersionDate "2022.10.05"]
[SourceQuality "1"]

1. d4 f5 2. Nf3 Nf6 3. Bf4 e6 4. e3 Be7 5. c4 0-0 6. Nc3 d6 7. Qb3 Nc6 8. Be2 Kh8 9. Rd1 d5 10. cxd5 exd5 11. 0-0 Ne4 12. Nxd5 Be6 13. Bc4 Na5 14. Bxc7 Bxd5 15. Bxd8 Nxb3 16. Bxd5 Raxd8 17. Bxb3 g5 18. Ne5 Kg7 19. f3 Nf6 20. Rc1 Bd6 21. Nc4 Bb8 22. Na5 Nd5 23. Bxd5 Rxd5 24. Nxb7 Rb5 25. Nc5 Rxb2 26. Ne6+ Kf7 27. Nxf8 Kxf8 28. Rb1 Rxb1 29. Rxb1 Bc7 30. Rb7 Bb6 31. Rxh7 1-0